LEADER 01189nam a2200241 4500 001 000000351869 003 CaOOAMICUS 005 20221013101315.0 008 221013s1750 it a 000 u lat r 026 $en-m* t;e- i-r, st16 (3) 1750 (R) 040 $aSeMil$bita 110 21$aChierici Regolari Teatini$c.$0(OLS)http://semarc/name/2173 245 10$a[2]: Decreta Clericorum Regularium ex actis in comitiis generalibus emanata ad annum 1750. 264 1$aRomae :$bTypis Nicolai, et Marci Palearini,$c1750. 300 $a191, [63] p. ;$c8° 500 $aSegn.: A-M? *? (*?+?¹) 2*-4*? 500 $aLegato insieme al vol. 1 773 0 $aChierici Regolari Teatini $tConstitutiones Congregationis Clericorum regularium.$dRomae : Typis Nicolai, et Marci Palearini, 1750.$g2$w()351867 850 $aSeMil 852 $aSeMil$W1$xVenegono$y1$m3Z VII 34 FA$j234824$B243052$CSeMilBibl$Z2$F243052 $8I 996 $6245$a[2]: Decreta Clericorum Regularium ex actis in comitiis generalibus emanata ad annum 1750$9(OLS)http://semarc/title/441674 996 $6264$aRomae :$bTypis Nicolai, et Marci Palearini$9(OLS)http://semarc/publisher/60676 LEADER 01186nam a2200241 i 4500 001 000000203920 003 CaOOAMICUS 005 20110712000000.0 008 110712s2010 it u000 u ita u 013 $a182635 020 $a978-88-425-4484-5 040 $aSeMil$bita 245 15$a"... E d'ora in poi sia chiamato beato" :$bDon Carlo Gnocchi : i volti, le emozioni, le immagini del 25 ottobre 2009 /$cFondazione Don Carlo Gnocchi. 260 $aMilano :$bMursia,$c2010. 300 $a188 p. :$bill. ;$c31x31 cm. 650 4$aGnocchi, Carlo - Beatificazione e Canonizzazione.$0(OLS)http://semarc/subject/12507 710 2 $aFondazione Don Carlo Gnocchi .$0(OLS)http://semarc/name/8113 850 $aSeMil 852 $aSeMil$W1$xVenegono$y1$m3H VI 43$j154414$B154414$CSeMilBibl$Z2$F208925 $81 961 $aOmaggio: Ferrari mons. Marco 996 $6020$a978-88-425-4484-5$9(OLS)http://semarc/number/197182 996 $6245$a"... E d'ora in poi sia chiamato beato" :$bDon Carlo Gnocchi : i volti, le emozioni, le immagini del 25 ottobre 2009$9(OLS)http://semarc/title/295430 996 $6260$aMilano :$bMursia$9(OLS)http://semarc/publisher/30230